000 01149nam a2200277 a 4500
001 85317
003 BD-RjUL
005 20250724144656.0
008 250724r20252024bg ||||| |||| 00| 0 ben d
020 _a9789849827849 :
_cTk. 400.00
035 _a(BD-RjUL)85317
040 _aBD-RjUL
_beng
_cBD-RjUL
041 _aben
082 _223
_a954.092
_bCHG 2025
100 _aচৌধুরী, সিরাজুল ইসলাম
_916248
245 _aসাতচল্লিশের দেশভাগে গান্ধী ও জিন্নাহ /
_cসিরাজুল ইসলাম চৌধুরী
260 _aঢাকা :
_bকথাপ্রকাশ,
_c২০২৪, [ মুদ্রণ ২০২৫]
300 _a১৫১ পৃ.;
_c২২ সেমি.
600 _aগান্ধী, মহাত্মা
_916260
600 _aজিন্নাহ, মুহাম্মদ আলী
_916261
600 _aGandhi, Mahatama
_916262
600 _aJinnah, Mohammed Ali
_916263
650 _aভারত বিভাগ,
_y১৯৪৭
_916264
650 _aPartition on of india , 1947
_916265
942 _2ddc
_cBK
999 _c85317
_d85317